000 00583nam a22001697a 4500
003 OSt
005 20171010095528.0
008 121005t xxu||||| |||| 00| 0 eng d
040 _aMMSU
_cULS
100 _aLagundino, Ian T.
_913130
245 _aDrying characteristics of Pagudpud white clay using a locally fabricated tray drier
_cIan T. Lagundino
260 _c2008
300 _axii, 57 leaves
_c28 cm.
500 _aThesis (BS Ceramic Engineering) -- Mariano Marcos State University-College of Engineering, Batac City
504 _aBibliography: leaf 33
942 _2ddc
_cREF
999 _c9809
_d9809